[Event "4NCL Online Division 3"]
[Site "online"]
[Date "2021.04.20"]
[EventDate "2021.04.20"]
[Round "7.63"]
[White "Kammin, Samuel"]
[WhiteElo "1742"]
[WhiteTeam "Guildford Gatekeepers"]
[Black "Hobson, Kenneth"]
[BlackElo "1930"]
[BlackTeam "Oxford 3"]
[Result "0-1"]
[PlyCount "132"]

1. d4 Nf6 2. Nf3 e6 3. c4 b6 4. g3 Bb7 5. Bg2 d5 6. cxd5 exd5 7. Nc3 Nbd7 8. Bf4 Bb4 9. O-O Bxc3 10. bxc3 O-O 11. Qb3 Re8 12. Ne5 Nxe5 13. dxe5 Ne4 14. Rad1 Qe7 15. Qc2 Rad8 16. h4 h6 17. h5 Nc5 18. Qf5 Ne4 19. Bxe4 dxe4 20. e6 c5 21. a4 Qxe6 22. Qxe6 fxe6 23. a5 b5 24. Bc7 Rd5 25. c4 bxc4 26. a6 Bxa6 27. Ra1 Bb5 28. Rxa7 c3 29. Rc1 Bxe2 30. Rxc3 Rd1+ 31. Kh2 Rf8 32. Bf4 Bf3 33. Rxf3 exf3 34. Ra3 Rd5 35. Re3 Rd4 36. Rxe6 Rd5 37. Kh3 Rf6 38. Re3 g5 39. hxg6 Rxg6 40. Rxf3 c4 41. Rc3 Rc6 42. Kg2 Kh7 43. Be3 Rd3 44. Rc2 Kg6 45. Kf3 Kf5 46. Ke2 h5 47. Ba7 Ra3 48. Be3 Ke4 49. Bc1 Rb3 50. Be3 Rd3 51. Bc1 Kd5 52. Be3 Re6 53. Rc1 Ra3 54. Rc2 Rea6 55. Rc1 Ra2+ 56. Kf3 R6a3 57. Rd1+ Rd3 58. Rc1 c3 59. Rh1 c2 60. Rc1 Kc4 61. Ke2 Kc3 62. Bh6 Ra7 63. Bf4 Re7+ 64. Be3 Rexe3+ 65. fxe3 Rd2+ 66. Ke1 Rh2 0-1

[Event "4NCL Online Division 3"]
[Site "online"]
[Date "2021.04.20"]
[EventDate "2021.04.20"]
[Round "7.64"]
[White "Staples, Neil"]
[WhiteElo "1831"]
[WhiteTeam "Oxford 3"]
[Black "Tarling, Adam"]
[BlackElo "1670"]
[BlackTeam "Guildford Gatekeepers"]
[Result "1-0"]
[PlyCount "111"]

1. f4 d5 2. Nf3 c5 3. g3 Nc6 4. Bg2 Nf6 5. O-O h6 6. d3 Bf5 7. Ne5 e6 8. Nc3 a6 9. e4 Bh7 10. exd5 exd5 11. Ng4 d4 12. Re1+ Be7 13. Nxf6+ gxf6 14. Nd5 Kf8 15. Qh5 Bg6 16. Qh4 Qd6 17. f5 Bxf5 18. Bxh6+ Kg8 19. Rxe7 Rxh6 20. Qxh6 Bg6 21. Qf4 Qxf4 22. gxf4 Nxe7 23. Nxe7+ Kg7 24. Nxg6 fxg6 25. Re1 Kf7 26. Bd5+ Kf8 27. Re6 Rd8 28. Rxf6+ Ke7 29. Re6+ Kf8 30. Be4 Kf7 31. Rxg6 b5 32. Rxa6 c4 33. Rb6 Rg8+ 34. Kf2 cxd3 35. cxd3 Rc8 36. Rxb5 Rc2+ 37. Kg3 Re2 38. a4 Ke6 39. a5 Re3+ 40. Kg4 Re2 41. h4 Rh2 42. a6 Kd7 43. a7 Kc7 44. a8=Q Rc2 45. Qc6+ Rxc6 46. Bxc6 Kd6 47. Re5 Kc7 48. h5 Kb8 49. h6 Ka7 50. h7 Kb6 51. h8=Q Kc7 52. Qg7+ Kd6 53. Qf6+ Kc7 54. Be4 Kd7 55. Re7+ Kd8 56. Qf8# 1-0

[Event "4NCL Online Division 3"]
[Site "online"]
[Date "2021.04.20"]
[EventDate "2021.04.20"]
[Round "7.71"]
[White "Best, Francis P"]
[WhiteElo "1900"]
[WhiteTeam "Shropshire 3"]
[Black "Williams, David"]
[BlackElo "1896"]
[BlackTeam "Ashfield Anonymous B"]
[Result "1/2-1/2"]
[PlyCount "112"]

1. e4 g6 2. d4 c6 3. Nc3 d5 4. exd5 cxd5 5. Bd3 Bg7 6. Nge2 Nc6 7. Be3 e6 8. Qd2 Nge7 9. O-O O-O 10. Bh6 a6 11. Bxg7 Kxg7 12. Nd1 b5 13. c3 Qb6 14. Qf4 Qb8 15. Ne3 Bd7 16. Ng4 Qxf4 17. Nxf4 b4 18. Rfc1 Rfc8 19. Ne2 a5 20. Ne3 Na7 21. c4 dxc4 22. Bxc4 Bb5 23. b3 Rd8 24. Rd1 Bc6 25. Rac1 Rd7 26. Rd2 Rad8 27. Rcd1 Bd5 28. Bxd5 Nxd5 29. Nc4 Nb5 30. Nxa5 Ndc3 31. Nc6 Nxe2+ 32. Rxe2 Nc3 33. Red2 Nxd1 34. Nxd8 Nxf2 35. Nxe6+ fxe6 36. Kxf2 e5 37. d5 Kf6 38. Ke3 Ke7 39. Ke4 Kd6 40. Rc2 Ra7 41. g4 Rf7 42. Rc6+ Kd7 43. Kxe5 Rf2 44. Rb6 Re2+ 45. Kd4 Rxa2 46. Rxb4 Rxh2 47. Ke5 h5 48. gxh5 Rxh5+ 49. Kd4 Rh4+ 50. Kc5 Rxb4 51. Kxb4 g5 52. Kc4 g4 53. Kd3 g3 54. Ke2 g2 55. Kf2 Kd6 56. Kxg2 Kxd5 1/2-1/2

[Event "4NCL Online Division 3"]
[Site "online"]
[Date "2021.04.20"]
[EventDate "2021.04.20"]
[Round "7.72"]
[White "Combie, Alex B"]
[WhiteElo "1926"]
[WhiteTeam "Ashfield Anonymous B"]
[Black "Jamieson, Ian"]
[BlackElo "1885"]
[BlackTeam "Shropshire 3"]
[Result "1/2-1/2"]
[PlyCount "34"]

1. d4 e6 2. c4 f5 3. g3 Nf6 4. Nf3 d5 5. Bg2 c6 6. Qc2 Bd6 7. O-O O-O 8. b3 Qe7 9. Bb2 Ne4 10. Nbd2 b6 11. Ne5 Bb7 12. f3 Nxd2 13. Qxd2 Nd7 14. Nxd7 Qxd7 15. e4 fxe4 16. fxe4 Rxf1+ 17. Rxf1 Rf8 1/2-1/2

[Event "4NCL Online Division 3"]
[Site "online"]
[Date "2021.04.20"]
[EventDate "2021.04.20"]
[Round "7.73"]
[White "Kolbusz, George"]
[WhiteElo "1859"]
[WhiteTeam "Shropshire 3"]
[Black "Sudar, Dragoljub"]
[BlackElo "1920"]
[BlackTeam "Ashfield Anonymous B"]
[Result "1/2-1/2"]
[PlyCount "51"]

1. d4 d5 2. Nf3 Nf6 3. g3 g6 4. Bg2 Bg7 5. O-O O-O 6. c4 c6 7. b3 Ne4 8. Bb2 Nd7 9. e3 Ndf6 10. Qe2 Bg4 11. h3 Bd7 12. Nbd2 Qc8 13. Kh2 h5 14. Nxe4 Nxe4 15. Ng1 f5 16. f4 e6 17. Rac1 Qd8 18. Ba3 Rf7 19. cxd5 exd5 20. h4 Bf6 21. Nh3 Qa5 22. Bxe4 Qxa3 23. Bb1 Qe7 24. Ng5 Bxg5 25. hxg5 Re8 26. Rf3 1/2-1/2

[Event "4NCL Online Division 3"]
[Site "online"]
[Date "2021.04.20"]
[EventDate "2021.04.20"]
[Round "7.74"]
[White "Flynn, David"]
[WhiteElo "1914"]
[WhiteTeam "Ashfield Anonymous B"]
[Black "Clark, Matthew D H"]
[BlackElo "1833"]
[BlackTeam "Shropshire 3"]
[Result "1-0"]
[PlyCount "109"]

1. e4 c5 2. Nc3 Nc6 3. Bb5 Nd4 4. Nf3 Nxb5 5. Nxb5 d6 6. d4 Qa5+ 7. Nc3 g6 8. Bd2 Bg7 9. Nd5 Qd8 10. Bc3 Nh6 11. dxc5 O-O 12. cxd6 Qxd6 13. Bxg7 Kxg7 14. O-O Be6 15. Qd4+ f6 16. Qb4 Qxb4 17. Nxb4 Rfd8 18. Rfd1 Bg4 19. Kf1 e6 20. Ke2 Nf7 21. h3 Bxf3+ 22. Kxf3 Ne5+ 23. Ke2 a5 24. Rxd8 Rxd8 25. Nd3 Nxd3 26. cxd3 e5 27. Rc1 Rd7 28. Rc5 b6 29. Rc6 Rb7 30. Ke3 b5 31. d4 exd4+ 32. Kxd4 b4 33. Rc5 Rd7+ 34. Rd5 Rc7 35. Kd3 Ra7 36. f4 Kf7 37. g4 h6 38. Kc4 Rc7+ 39. Kb3 Re7 40. e5 fxe5 41. Rxe5 Rd7 42. Rxa5 Rd3+ 43. Kxb4 Rxh3 44. f5 gxf5 45. Rxf5+ Kg6 46. Rc5 Rh2 47. Ka3 Rg2 48. Rc4 Rg3+ 49. Ka4 Rg2 50. Rb4 Kg5 51. Kb5 Re2 52. a4 Re5+ 53. Kc6 h5 54. gxh5 Kxh5 55. Rb5 1-0

[Event "4NCL Online Division 3"]
[Site "online"]
[Date "2021.04.20"]
[EventDate "2021.04.20"]
[Round "7.81"]
[White "Jenkins, John"]
[WhiteElo "2061"]
[WhiteTeam "Stroud Oldies"]
[Black "Sandhu, Manvith"]
[BlackElo "1991"]
[BlackTeam "Warwickshire Bears A"]
[Result "1/2-1/2"]
[PlyCount "79"]

1. d4 d5 2. c4 c6 3. Nf3 Nf6 4. Nc3 e6 5. Bg5 h6 6. Bh4 dxc4 7. a4 Bb4 8. e3 Nbd7 9. Bxc4 Nb6 10. Bb3 Nbd5 11. Qc2 O-O 12. O-O Be7 13. Rfd1 a5 14. Bc4 Nb4 15. Qe2 Nfd5 16. Bg3 Bd6 17. Ne5 Qe7 18. Ne4 Bxe5 19. Bxe5 Rd8 20. Rac1 b6 21. Nd2 Ba6 22. Bxa6 Rxa6 23. e4 Nf6 24. Nc4 b5 25. axb5 cxb5 26. Na3 Rc6 27. Nxb5 Rdc8 28. Rc3 Rxc3 29. bxc3 Nc6 30. Bd6 Qd7 31. f3 Na7 32. Nxa7 Qxa7 33. c4 Qa6 34. e5 Nd7 35. Rc1 Nb6 36. Bc5 Na4 37. Bd6 Nb6 38. Bc5 Na4 39. Ba3 Nb6 40. Bc5 1/2-1/2

[Event "4NCL Online Division 3"]
[Site "online"]
[Date "2021.04.20"]
[EventDate "2021.04.20"]
[Round "7.82"]
[White "Vora, Simran"]
[WhiteElo "1800"]
[WhiteTeam "Warwickshire Bears A"]
[Black "Brown, Graham K"]
[BlackElo "1723"]
[BlackTeam "Stroud Oldies"]
[Result "1-0"]
[PlyCount "85"]

1. e4 d5 2. exd5 Nf6 3. Nf3 Nxd5 4. d4 Bg4 5. Be2 e6 6. Nc3 Nxc3 7. bxc3 Be7 8. O-O O-O 9. Rb1 b6 10. h3 Bh5 11. Ne5 Bxe2 12. Qxe2 Bf6 13. Nf3 Nc6 14. Bf4 Re8 15. Rfd1 Qe7 16. Ne5 Bxe5 17. Bxe5 f6 18. Bf4 Rad8 19. Re1 Kf7 20. Qe4 Qd7 21. Qxh7 Rh8 22. Qe4 g5 23. Bc1 Rh4 24. Qe3 Ne7 25. Qd3 c5 26. Re4 Rdh8 27. Rxh4 Rxh4 28. dxc5 Qc6 29. cxb6 axb6 30. Bd2 Nd5 31. Rb3 g4 32. hxg4 Rxg4 33. Qf3 Ra4 34. a3 Qd6 35. Bc1 Rc4 36. Qh5+ Ke7 37. Qh7+ Kd8 38. Qd3 Rh4 39. g3 Rg4 40. Be3 Rxg3+ 41. fxg3 Qxg3+ 42. Kf1 Ke7 43. Bc5+ 1-0

[Event "4NCL Online Division 3"]
[Site "online"]
[Date "2021.04.20"]
[EventDate "2021.04.20"]
[Round "7.83"]
[White "Walker, Adrian"]
[WhiteElo "1741"]
[WhiteTeam "Stroud Oldies"]
[Black "Dicen, Elis Denele"]
[BlackElo "1726"]
[BlackTeam "Warwickshire Bears A"]
[Result "0-1"]
[PlyCount "98"]

1. e4 e6 2. Nf3 d5 3. e5 c5 4. b4 c4 5. c3 a5 6. a3 axb4 7. cxb4 Bd7 8. Nc3 Ne7 9. Bb2 Nf5 10. d4 Be7 11. Be2 O-O 12. O-O Na6 13. b5 Nc7 14. a4 b6 15. Qc1 f6 16. Ba3 Bxa3 17. Qxa3 Qe7 18. Qb2 Kh8 19. Qd2 Be8 20. h3 Qd7 21. Bd1 Bg6 22. Bc2 Ne7 23. exf6 gxf6 24. Ne2 Bxc2 25. Qxc2 Nf5 26. Qd2 Qg7 27. Kh1 Rg8 28. Ne1 e5 29. Ra3 Nxb5 30. Rf3 Nbxd4 31. Nxd4 Nxd4 32. Rg3 Qf7 33. Rxg8+ Rxg8 34. f4 Nf5 35. Kh2 e4 36. g4 Ne7 37. Ng2 f5 38. g5 Qg7 39. Rd1 c3 40. Qe2 d4 41. Qc4 d3 42. Ne1 Rc8 43. Qb3 c2 44. Nxc2 dxc2 45. Rc1 Qc3 46. Qxc3+ Rxc3 47. Kg2 Nd5 48. h4 Nxf4+ 49. Kf1 Nd3 0-1

[Event "4NCL Online Division 3"]
[Site "online"]
[Date "2021.04.20"]
[EventDate "2021.04.20"]
[Round "7.84"]
[White "Lacoult, Maxime"]
[WhiteElo "1600"]
[WhiteTeam "Warwickshire Bears A"]
[Black "Haynes, Chris R"]
[BlackElo "1753"]
[BlackTeam "Stroud Oldies"]
[Result "1/2-1/2"]
[PlyCount "114"]

1. b3 e5 2. Bb2 Nc6 3. e3 d5 4. Bb5 Ne7 5. Bxe5 a6 6. Bxc6+ Nxc6 7. Bb2 Bf5 8. Nf3 Bd6 9. d3 Qe7 10. Qe2 O-O-O 11. Nbd2 Nb4 12. Nd4 Bg6 13. a3 Nc6 14. Nxc6 bxc6 15. O-O h5 16. d4 Kb7 17. c4 h4 18. cxd5 cxd5 19. h3 Bh5 20. Qd3 g5 21. e4 Bg6 22. Rfe1 g4 23. hxg4 Qg5 24. Qf3 Qxd2 25. Re2 Qf4 26. Qh3 Bxe4 27. Bc1 Qf6 28. g5 Qxd4 29. Bb2 Qd3 30. Re3 Qc2 31. Bf6 Bf5 32. Qf3 h3 33. Re2 Qd3 34. Re3 Qe4 35. Rxe4 Bxe4 36. Qe3 hxg2 37. f3 Rh3 38. Kf2 Rxf3+ 39. Qxf3 Bxf3 40. Bxd8 Bc5+ 41. Kxf3 g1=Q 42. Rxg1 Bxg1 43. Ke2 d4 44. Kd3 c5 45. a4 Kc6 46. Be7 Kd5 47. Bf6 Bh2 48. Bd8 Bd6 49. Bf6 Ke6 50. Kc4 Be7 51. Bg7 Bxg5 52. Bf8 Be7 53. Bh6 Ke5 54. Bd2 Ke4 55. Be1 f5 56. a5 f4 57. Bb4 cxb4 1/2-1/2

[Event "4NCL Online Division 3"]
[Site "online"]
[Date "2021.04.20"]
[EventDate "2021.04.20"]
[Round "7.91"]
[White "Borman, Philip"]
[WhiteElo "2250"]
[WhiteTeam "Hertford 1"]
[Black "Hunt, Peter"]
[BlackElo "2015"]
[BlackTeam "MK Phoenix 2"]
[Result "1-0"]
[PlyCount "45"]

1. d4 d5 2. Bf4 Nf6 3. e3 Bf5 4. Nf3 c6 5. c4 e6 6. Nc3 Bd6 7. Ne5 Ne4 8. Qb3 Qe7 9. c5 Bxe5 10. Bxe5 f6 11. Nxe4 Bxe4 12. Bd6 Qd7 13. f3 Bg6 14. Be2 Qc8 15. O-O Nd7 16. e4 Kf7 17. Rae1 Re8 18. Bd3 b6 19. exd5 cxd5 20. cxb6 Nxb6 21. Rc1 Qd8 22. Bc7 Qd7 23. Bb5 1-0

[Event "4NCL Online Division 3"]
[Site "online"]
[Date "2021.04.20"]
[EventDate "2021.04.20"]
[Round "7.92"]
[White "Cox, Toby"]
[WhiteElo "1995"]
[WhiteTeam "MK Phoenix 2"]
[Black "Cheal, Barry A"]
[BlackElo "2162"]
[BlackTeam "Hertford 1"]
[Result "1-0"]
[PlyCount "69"]

1. e4 c5 2. d4 cxd4 3. c3 dxc3 4. Nxc3 Nc6 5. Nf3 d6 6. Bc4 e6 7. O-O Nf6 8. Qe2 Be7 9. Rd1 e5 10. Be3 O-O 11. b4 a6 12. a4 Bd7 13. b5 Na5 14. Bd5 Rc8 15. Rac1 axb5 16. axb5 b6 17. Qd3 Be6 18. Bxe6 fxe6 19. Na4 Rxc1 20. Rxc1 Qa8 21. Ng5 Rc8 22. Rxc8+ Qxc8 23. Nxb6 Qb8 24. Qc3 Nb7 25. Qc4 Nd8 26. Nxe6 Kh8 27. Nxd8 Bxd8 28. Nd5 Nxd5 29. exd5 h6 30. Qc6 Kh7 31. b6 Kg8 32. b7 Kh7 33. Qc2+ g6 34. Qc8 Bc7 35. Bb6 1-0

[Event "4NCL Online Division 3"]
[Site "online"]
[Date "2021.04.20"]
[EventDate "2021.04.20"]
[Round "7.93"]
[White "Byway, Paul V"]
[WhiteTitle "FM"]
[WhiteElo "2017"]
[WhiteTeam "Hertford 1"]
[Black "Williamson, Kevin J"]
[BlackElo "1973"]
[BlackTeam "MK Phoenix 2"]
[Result "1/2-1/2"]
[PlyCount "67"]

1. Nf3 Nc6 2. d4 d5 3. Bf4 Bg4 4. e3 e6 5. c4 Bb4+ 6. Nc3 Nge7 7. Rc1 O-O 8. Bd3 Ng6 9. Bg3 dxc4 10. Bxc4 Bd6 11. Bb5 Nce7 12. O-O Nf5 13. Be2 Nxg3 14. hxg3 c6 15. Ne4 Bc7 16. Nc5 Rb8 17. Nd3 Qe7 18. Nfe5 Bxe2 19. Nxg6 hxg6 20. Qxe2 e5 21. dxe5 Bxe5 22. Nxe5 Qxe5 23. b3 Rbd8 24. Rfd1 Qe7 25. Qc4 Rxd1+ 26. Rxd1 Rd8 27. Rd4 Rxd4 28. Qxd4 c5 29. Qd5 b6 30. e4 Qc7 31. a4 Qc8 32. Qc4 Qd7 33. Qc2 Qd4 34. Qc4 1/2-1/2

[Event "4NCL Online Division 3"]
[Site "online"]
[Date "2021.04.20"]
[EventDate "2021.04.20"]
[Round "7.94"]
[White "Elwin, Adrian G"]
[WhiteElo "1956"]
[WhiteTeam "MK Phoenix 2"]
[Black "Capes, Ian"]
[BlackElo "1915"]
[BlackTeam "Hertford 1"]
[Result "1/2-1/2"]
[PlyCount "44"]

1. d4 f5 2. Nf3 Nf6 3. c4 g6 4. Nc3 d6 5. g3 Bg7 6. Bg2 O-O 7. Bf4 Qe8 8. Qd2 Qf7 9. d5 Na6 10. Ng5 Qe8 11. O-O c5 12. Ne6 Bxe6 13. dxe6 Qc8 14. e4 fxe4 15. Nxe4 Rb8 16. Rae1 Nxe4 17. Bxe4 b5 18. Bh6 bxc4 19. Bxg7 Kxg7 20. Bd5 Nc7 21. Bxc4 Rf6 22. Re2 Nb5 1/2-1/2

[Event "4NCL Online Division 3"]
[Site "online"]
[Date "2021.04.20"]
[EventDate "2021.04.20"]
[Round "7.101"]
[White "Rothwell, James P"]
[WhiteElo "1877"]
[WhiteTeam "Atticus B"]
[Black "Lintern, Jack"]
[BlackElo "1812"]
[BlackTeam "Clevedon"]
[Result "1-0"]
[PlyCount "45"]

1. Nf3 Nf6 2. c4 g6 3. b4 Bg7 4. Bb2 O-O 5. g3 d5 6. cxd5 Nxd5 7. Bxg7 Kxg7 8. Qb3 a6 9. Bg2 Nc6 10. a3 Nf6 11. O-O Be6 12. Qb2 Qd6 13. d3 Bg4 14. Nbd2 Rad8 15. Ne4 Qe6 16. Nc5 Qc8 17. Nxb7 Qxb7 18. Ne5 Bd7 19. Rac1 Qb5 20. Nxd7 Nb8 21. Nxf8 Kxf8 22. Rxc7 Qb6 23. Rfc1 1-0

[Event "4NCL Online Division 3"]
[Site "online"]
[Date "2021.04.20"]
[EventDate "2021.04.20"]
[Round "7.102"]
[White "Peters, David"]
[WhiteElo "1813"]
[WhiteTeam "Clevedon"]
[Black "Banerjee, Sanjoy K"]
[BlackElo "1701"]
[BlackTeam "Atticus B"]
[Result "1-0"]
[PlyCount "113"]

1. e4 c5 2. g3 Nc6 3. Bg2 g6 4. Ne2 Bg7 5. d3 e6 6. O-O Nge7 7. f4 d5 8. e5 O-O 9. Nd2 b5 10. Nf3 Bb7 11. d4 cxd4 12. Nexd4 Nxd4 13. Nxd4 a6 14. Be3 Rc8 15. c3 Qd7 16. Qd2 Rc7 17. Rac1 Rfc8 18. Rfe1 Bf8 19. Kf2 Rc4 20. Bf1 R4c7 21. g4 Nc6 22. Nxc6 Qxc6 23. Bd4 Bc5 24. Ke3 Bxd4+ 25. Qxd4 Qc5 26. Kd2 Qc6 27. g5 Qd7 28. h4 Rc5 29. h5 Qc7 30. Bd3 Rd8 31. Rh1 Rc4 32. Qe3 d4 33. cxd4 Bxh1 34. Bxc4 Qa5+ 35. Ke2 bxc4 36. Rxh1 Qxa2 37. Qc3 Qb3 38. hxg6 hxg6 39. Rc1 Qxc3 40. bxc3 Rb8 41. Rc2 Kf8 42. Ra2 Rb6 43. Ra4 Rc6 44. Ke3 Ke7 45. Ke4 Kd7 46. d5 exd5+ 47. Kxd5 Rb6 48. Rxc4 a5 49. Ra4 Rb3 50. c4 Rf3 51. c5 Kc7 52. Rxa5 Rxf4 53. Ra7+ Kc8 54. Kd6 Rf5 55. c6 Kb8 56. Re7 Rxg5 57. c7+ 1-0

[Event "4NCL Online Division 3"]
[Site "online"]
[Date "2021.04.20"]
[EventDate "2021.04.20"]
[Round "7.103"]
[White "Burge, Steve J"]
[WhiteElo "1680"]
[WhiteTeam "Atticus B"]
[Black "Iles, Stuart P"]
[BlackElo "1769"]
[BlackTeam "Clevedon"]
[Result "1-0"]
[PlyCount "31"]

1. e4 Nc6 2. f4 d5 3. exd5 Qxd5 4. Nc3 Qd6 5. Nf3 Bg4 6. Bb5 O-O-O 7. Bxc6 Qxc6 8. O-O e6 9. d3 Bc5+ 10. Kh1 Qe8 11. Qe1 Ne7 12. Be3 Bb4 13. a3 Bxc3 14. Qxc3 Nd5 15. Qd2 Qc6 16. Ne5 1-0

[Event "4NCL Online Division 3"]
[Site "online"]
[Date "2021.04.20"]
[EventDate "2021.04.20"]
[Round "7.104"]
[White "Chindelevitch, Leonid"]
[WhiteElo "1728"]
[WhiteTeam "Clevedon"]
[Black "Wadsworth, Mark S"]
[BlackElo "1666"]
[BlackTeam "Atticus B"]
[Result "1-0"]
[PlyCount "35"]

1. e4 c5 2. c3 e5 3. Nf3 Nc6 4. d4 cxd4 5. cxd4 exd4 6. Nxd4 Nf6 7. Nc3 Bb4 8. Bg5 d6 9. Bb5 Bd7 10. O-O O-O 11. Nd5 Bc5 12. Nf5 Bxf5 13. exf5 Nd4 14. Bd3 h6 15. Nxf6+ Qxf6 16. Bxf6 gxf6 17. Qh5 Kh7 18. Rae1 1-0

[Event "4NCL Online Division 3"]
[Site "online"]
[Date "2021.04.20"]
[EventDate "2021.04.20"]
[Round "7.111"]
[White "Mitchell, Jeremy J"]
[WhiteElo "1869"]
[WhiteTeam "Alba Bon Accord 2"]
[Black "Robbings, Andrew MJ"]
[BlackElo "1970"]
[BlackTeam "Wantage A"]
[Result "0-1"]
[PlyCount "126"]

1. e4 e6 2. d4 d5 3. Nc3 Bb4 4. exd5 exd5 5. Bd3 Ne7 6. Nf3 Bg4 7. O-O h6 8. h3 Bh5 9. Bf4 c6 10. a3 Bd6 11. Bxd6 Qxd6 12. Re1 O-O 13. Re3 Nd7 14. Ne2 Bg6 15. Ng3 Rfe8 16. Qd2 Bxd3 17. Qxd3 Nf6 18. Rae1 g6 19. Ne5 Kg7 20. f4 Neg8 21. h4 Nd7 22. h5 Nxe5 23. fxe5 Qe6 24. Rf1 Rf8 25. Ref3 Qg4 26. hxg6 fxg6 27. Nf5+ Rxf5 28. Rg3 Rxf1+ 29. Kxf1 Rf8+ 30. Kg1 Qe4 31. Qd2 Ne7 32. Re3 Qf4 33. Qc3 Qf1+ 34. Kh2 Rf5 35. Rh3 Rg5 36. Qf3 Qxf3 37. Rxf3 Rf5 38. Rb3 b5 39. a4 a6 40. axb5 axb5 41. Ra3 Kf7 42. Ra7 Ke6 43. Kg3 g5 44. Kg4 Rf4+ 45. Kg3 Rxd4 46. Ra8 h5 47. Rh8 h4+ 48. Kh3 Kxe5 49. Rh7 Nf5 50. Rc7 Rc4 51. c3 g4+ 52. Kh2 d4 53. cxd4+ Kxd4 54. b3 Rc1 55. Rd7+ Ke5 56. b4 Ng3 57. Rd5+ Ke4 58. Rd4+ Ke3 59. Rd3+ Ke2 60. Rd2+ Ke3 61. Rd3+ Kf2 62. Rd2+ Ne2 63. g3 hxg3# 0-1

[Event "4NCL Online Division 3"]
[Site "online"]
[Date "2021.04.20"]
[EventDate "2021.04.20"]
[Round "7.112"]
[White "Carter, John P"]
[WhiteElo "1886"]
[WhiteTeam "Wantage A"]
[Black "Gordon, Frederick"]
[BlackElo "1667"]
[BlackTeam "Alba Bon Accord 2"]
[Result "1/2-1/2"]
[PlyCount "105"]

1. e4 c5 2. Nf3 g6 3. d4 cxd4 4. Nxd4 Nc6 5. Nxc6 bxc6 6. c4 Bg7 7. Qc2 Nf6 8. Nc3 O-O 9. Be2 d6 10. O-O Be6 11. Be3 c5 12. Rad1 Qb6 13. f4 Rab8 14. b3 Bc8 15. e5 Ng4 16. Bc1 dxe5 17. Nd5 Qb7 18. Bf3 e4 19. Bxe4 Kh8 20. h3 Nh6 21. Be3 Bf5 22. Bxf5 Nxf5 23. Bxc5 Rfc8 24. Bf2 a5 25. Rfe1 e6 26. Nb6 Rd8 27. c5 Qc6 28. Qe4 Qc7 29. Rxd8+ Rxd8 30. Nc4 h5 31. Ne5 Kg8 32. Nf3 Rd5 33. Rc1 Bf8 34. b4 axb4 35. Qxb4 Ne7 36. c6 Rd8 37. Ne5 Nd5 38. Qb7 Bd6 39. Qxc7 Bxc7 40. Nd7 Nxf4 41. Rb1 Rc8 42. Bb6 Nd5 43. Bxc7 Rxc7 44. Nb8 Kf8 45. Rb7 Ke8 46. Rxc7 Nxc7 47. Nd7 Ke7 48. Ne5 g5 49. a4 f6 50. Nc4 e5 51. Kf2 Ke6 52. Kf3 f5 53. g4 1/2-1/2

[Event "4NCL Online Division 3"]
[Site "online"]
[Date "2021.04.20"]
[EventDate "2021.04.20"]
[Round "7.113"]
[White "Brennan, J Ross"]
[WhiteElo "1634"]
[WhiteTeam "Alba Bon Accord 2"]
[Black "Morris, Stephen A"]
[BlackElo "1840"]
[BlackTeam "Wantage A"]
[Result "0-1"]
[PlyCount "128"]

1. d4 Nf6 2. Bg5 d5 3. Nf3 e6 4. e3 Be7 5. Bd3 Nbd7 6. O-O O-O 7. c4 b6 8. cxd5 exd5 9. Nc3 c6 10. Rc1 Bb7 11. Re1 Ne4 12. Nxe4 dxe4 13. Bxe4 Bxg5 14. Bxc6 Bxc6 15. Rxc6 Bf6 16. Qa4 Rc8 17. Rxc8 Qxc8 18. Qxa7 Qc6 19. Qa3 h6 20. b3 Ra8 21. Qb2 Rc8 22. h3 Be7 23. Rb1 b5 24. Rd1 Qc2 25. Rb1 Ba3 26. Qa1 Nf6 27. Rf1 Nd5 28. Qb1 Nf6 29. Ne5 Qxb1 30. Rxb1 Rc2 31. Ra1 Ne4 32. f3 Nc3 33. e4 Ne2+ 34. Kf2 Nxd4+ 35. Ke3 Ne6 36. Nd3 Rxg2 37. b4 Bb2 38. Nxb2 Rxb2 39. a4 bxa4 40. Rxa4 Rb3+ 41. Kf2 Nd4 42. Ra8+ Kh7 43. Rb8 Rxf3+ 44. Kg2 Rb3 45. h4 Kg6 46. Rb7 Kh5 47. Rxf7 Rxb4 48. Rxg7 Kxh4 49. e5 Kh5 50. Rg8 Ne6 51. Re8 Rb6 52. Kf3 Kg5 53. Ke3 Kf5 54. Rh8 Rb3+ 55. Kd2 Rh3 56. Ra8 Kxe5 57. Ra4 Nd4 58. Ra8 h5 59. Rf8 Nf5 60. Ke2 Kf4 61. Kf2 Rh2+ 62. Kg1 Ra2 63. Rf7 h4 64. Rh7 Kg3 0-1

[Event "4NCL Online Division 3"]
[Site "online"]
[Date "2021.04.20"]
[EventDate "2021.04.20"]
[Round "7.114"]
[White "Litwiniec, Miroslawa"]
[WhiteElo "1826"]
[WhiteTeam "Wantage A"]
[Black "McLeod, Alisdair"]
[BlackElo "1531"]
[BlackTeam "Alba Bon Accord 2"]
[Result "0-1"]
[PlyCount "70"]

1. e4 e5 2. Nf3 Nc6 3. Bc4 Nf6 4. Nc3 a6 5. d3 Bc5 6. Bg5 h6 7. Bh4 d6 8. Qd2 Na5 9. Nd5 Nxc4 10. Nxf6+ gxf6 11. dxc4 Be6 12. Qc3 Qe7 13. O-O-O O-O-O 14. Nd2 Rdg8 15. Bg3 h5 16. h4 Rg4 17. Rhe1 Rhg8 18. Nb3 Bb6 19. Rd3 f5 20. exf5 Rxc4 21. Qxc4 Bxc4 22. Rc3 Bd5 23. f4 e4 24. Rd1 Bxb3 25. Rxb3 e3 26. Be1 Rxg2 27. a3 Qe4 28. Rc3 e2 29. Rxd6 Qxf4+ 30. Rd2 Rg1 31. Kb1 Qxd2 32. Ka2 Qd5+ 33. b3 Rxe1 34. f6 Bd4 35. Rd3 Ra1# 0-1

[Event "4NCL Online Division 3"]
[Site "online"]
[Date "2021.04.20"]
[EventDate "2021.04.20"]
[Round "7.121"]
[White "Shepherd, Tom"]
[WhiteElo "2018"]
[WhiteTeam "MCS Oxford A"]
[Black "Murphy, Sean J."]
[BlackElo "1995"]
[BlackTeam "Cork"]
[Result "0-1"]
[PlyCount "46"]

1. d4 d5 2. c4 e6 3. Nc3 Nf6 4. Nf3 c6 5. e3 Nbd7 6. Qc2 Bd6 7. b3 O-O 8. Be2 b6 9. O-O Bb7 10. Bb2 Qe7 11. Rad1 Rad8 12. Rfe1 Rfe8 13. Bf1 e5 14. cxd5 e4 15. dxc6 exf3 16. cxb7 Bxh2+ 17. Kh1 Ng4 18. gxf3 Qh4 19. Kg2 Bf4 20. Bd3 Qh2+ 21. Kf1 Qh1+ 22. Ke2 Rxe3+ 23. Kd2 Rxe1# 0-1

[Event "4NCL Online Division 3"]
[Site "online"]
[Date "2021.04.20"]
[EventDate "2021.04.20"]
[Round "7.122"]
[White "Lawrence, Simon"]
[WhiteElo "1779"]
[WhiteTeam "Cork"]
[Black "Selvaraj, Hari"]
[BlackElo "1934"]
[BlackTeam "MCS Oxford A"]
[Result "1-0"]
[PlyCount "63"]

1. d4 Nf6 2. Nf3 g6 3. c4 Bg7 4. Nc3 d6 5. e4 Nbd7 6. Be2 O-O 7. O-O Re8 8. h3 e5 9. dxe5 Nxe5 10. Bf4 Nc6 11. e5 Nh5 12. Bg5 f6 13. exf6 Nxf6 14. Nd5 Be6 15. Re1 Kf7 16. Bh4 h6 17. Nf4 Qd7 18. c5 d5 19. Bb5 Ne4 20. Nxe6 Rxe6 21. Bc4 Bxb2 22. Bxd5 Bxa1 23. Rxe4 Kf8 24. Rxe6 g5 25. Qxa1 Qxd5 26. Qf6+ Kg8 27. Qg6+ Kf8 28. Qxh6+ Kg8 29. Qg6+ Kf8 30. Bxg5 Qxe6 31. Qxe6 Re8 32. Bh6# 1-0

[Event "4NCL Online Division 3"]
[Site "online"]
[Date "2021.04.20"]
[EventDate "2021.04.20"]
[Round "7.123"]
[White "Zhu, Hou Ning"]
[WhiteElo "1830"]
[WhiteTeam "MCS Oxford A"]
[Black "O'Connell, Denis"]
[BlackElo "1736"]
[BlackTeam "Cork"]
[Result "1-0"]
[PlyCount "119"]

1. c4 e5 2. g3 Nc6 3. Bg2 f5 4. Nc3 Nf6 5. e3 d5 6. cxd5 Nb4 7. d3 Nfxd5 8. Nxd5 Nxd5 9. Nf3 Bd6 10. Qb3 c6 11. O-O Qe7 12. e4 fxe4 13. dxe4 Nf6 14. Qd3 Be6 15. Bg5 h6 16. Bxf6 gxf6 17. Nh4 Rg8 18. Nf5 Bxf5 19. exf5 O-O-O 20. Qb3 Rg5 21. Rac1 e4 22. Rfe1 Qc7 23. Bxe4 Be5 24. Bg2 Qb6 25. Qxb6 axb6 26. f4 Bd4+ 27. Kh1 Rg7 28. b3 Kc7 29. Re6 Rd6 30. Rce1 Rgd7 31. Rxd6 Rxd6 32. Bf3 Bc3 33. Rd1 Rxd1+ 34. Bxd1 Kd6 35. Kg2 b5 36. Kf3 c5 37. Be2 b4 38. Bc4 Ke7 39. Ke2 Kd6 40. g4 Bd4 41. h4 Ke7 42. g5 h5 43. Bd5 b5 44. Bc6 c4 45. Bxb5 cxb3 46. axb3 Kf8 47. Bc6 Kg7 48. Bf3 Bc5 49. Bxh5 Bd6 50. Kf3 Be7 51. Be8 fxg5 52. fxg5 Kf8 53. Bc6 Bd8 54. Ke4 Kg7 55. f6+ Kg6 56. Be8+ Kh7 57. Bf7 Kh8 58. Kf5 Kh7 59. g6+ Kh8 60. g7+ 1-0